Термическая обработка титан-тантал-циркониевых поверхностных сплавов, полученных с применением релятивистского электронного пучка, выведенного в воздушную атмосферу; Современные технологии и материалы новых поколений

Bibliografiske detaljer
Parent link:Современные технологии и материалы новых поколений.— 2017.— [С. 236-238]
Corporate Authors: Новосибирский государственный технический университет (НГТУ), Российская академия наук (РАН) Сибирское отделение (СО) Институт ядерной физики им. Г. И. Будкера (ИЯФ)
Andre forfattere: Самойленко В. В., Поляков И. А., Голковский М. Г., Матц О. Э.
Summary:Заглавие с экрана
Sprog:russisk
Udgivet: 2017
Serier:Функциональные материалы и покрытия
Fag:
Online adgang:http://earchive.tpu.ru/handle/11683/43704
Format: MixedMaterials Electronisk Book Chapter
KOHA link:https://koha.lib.tpu.ru/cgi-bin/koha/opac-detail.pl?biblionumber=624123

MARC

LEADER 00000naa2a2200000 4500
001 624123
005 20231101133310.0
035 |a (RuTPU)RU\TPU\conf\23336 
035 |a RU\TPU\conf\23335 
090 |a 624123 
100 |a 20171101d2017 k y0rusy50 ca 
101 0 |a rus  |e rus 
102 |a RU 
105 |a y z 101zy 
135 |a drcn ---uucaa 
181 0 |a i  
182 0 |a b 
200 1 |a Термическая обработка титан-тантал-циркониевых поверхностных сплавов, полученных с применением релятивистского электронного пучка, выведенного в воздушную атмосферу  |f В. В. Самойленко [и др.] 
203 |a Текст  |c электронный 
225 1 |a Функциональные материалы и покрытия 
230 |a 1 компьютерный файл (pdf; 548 Кб) 
300 |a Заглавие с экрана 
320 |a [Библиогр.: с. 238 (3 назв.)] 
463 0 |0 (RuTPU)RU\TPU\conf\23187  |t Современные технологии и материалы новых поколений  |o сборник трудов Международной конференции с элементами научной школы для молодежи, г. Томск, 9-13 октября 2017 г.  |f Национальный исследовательский Томский политехнический университет (ТПУ) ; Российская академия наук (РАН), Сибирское отделение (СО), Институт физики прочности и материаловедения (ИФПМ)  |v [С. 236-238]  |d 2017 
610 1 |a электронный ресурс 
610 1 |a термическая обработка 
610 1 |a титан 
610 1 |a тантал 
610 1 |a цирконий 
610 1 |a поверхностные сплавы 
610 1 |a релятивистские пучки 
610 1 |a электронные пучки 
610 1 |a атмосфера 
610 1 |a химическая промышленность 
610 1 |a антикоррозионные свойства 
610 1 |a коррозионная стойкость 
701 1 |a Самойленко  |b В. В. 
701 1 |a Поляков  |b И. А. 
701 1 |a Голковский  |b М. Г. 
701 1 |a Матц  |b О. Э. 
712 0 2 |a Новосибирский государственный технический университет (НГТУ)  |c (1992- )  |2 stltpush  |3 (RuTPU)RU\TPU\col\36 
712 0 2 |a Российская академия наук (РАН)  |b Сибирское отделение (СО)  |b Институт ядерной физики им. Г. И. Будкера (ИЯФ)  |c (Новосибирск)  |2 stltpush  |3 (RuTPU)RU\TPU\col\4002 
801 2 |a RU  |b 63413507  |c 20171103  |g RCR 
856 4 |u http://earchive.tpu.ru/handle/11683/43704 
942 |c BK